Personnel and human resource management (Record no. 35505)

MARC details
000 -LEADER
fixed length control field 00383nam a2200145Ia 4500
008 - FIXED-LENGTH DATA ELEMENTS--GENERAL INFORMATION
fixed length control field 230917s9999||||xx |||||||||||||| ||und||
040 ## - CATALOGING SOURCE
-- 75498
Original cataloging agency VIVEKANANDA LIBRARY
041 ## - Language
-- English
082 ## - DDC NUMBER
Classification number 658.3 S81P
100 ## - MAIN ENTRY--PERSONAL NAME
Personal name Schuler, Randalls
245 #0 - TITLE STATEMENT
Title Personnel and human resource management
260 ## - PUBLICATION, DISTRIBUTION, ETC. (IMPRINT)
Place of publication, distribution, etc Saint Paul
Name of publisher, distributor, etc West
Date of publication, distribution, etc 558
300 ## - PHYSICAL DESCRIPTION
Pages The west series in management p.
942 ## - ADDED ENTRY ELEMENTS (KOHA)
Koha item type Books
Holdings
Withdrawn status Lost status Damaged status Not for loan Location (home branch) Sublocation or collection (holding branch) Shelving location Date acquired Koha issues (times borrowed) Koha full call number Accession No. Koha date last seen Koha item type
        VIVEKANANDA LIBRARY VIVEKANANDA LIBRARY IMSAR Library 25/02/2003   658.3 S81P 100837 17/09/2023 Books
© Designed and Maintained by Vivekananda Library, MDU Rohtak